UK housing review (Record no. 112480)
[ view plain ]
| 000 -LEADER | |
|---|---|
| fixed length control field | 01049cad a22002415a 4500 |
| 001 - CONTROL NUMBER | |
| control field | L153348 |
| 008 - FIXED-LENGTH DATA ELEMENTS--GENERAL INFORMATION | |
| fixed length control field | 110418s2011 xxk df 000 0 eng d |
| 035 ## - SYSTEM CONTROL NUMBER | |
| System control number | (Sirsi) u153348 |
| 041 0# - LANGUAGE CODE | |
| Language code of text/sound track or separate title | eng |
| 050 04 - LIBRARY OF CONGRESS CALL NUMBER | |
| Classification number | 306.3 $2 18. |
| 100 1# - MAIN ENTRY--PERSONAL NAME | |
| Personal name | Wilcox, S. |
| 245 00 - TITLE STATEMENT | |
| Title | UK housing review |
| Remainder of title | 2011 briefing paper |
| Medium | [electronic resource] |
| 260 ## - PUBLICATION, DISTRIBUTION, ETC. | |
| Place of publication, distribution, etc. | Totton |
| Name of publisher, distributor, etc. | Chartered Institute of Housing |
| Date of publication, distribution, etc. | 2011 |
| 520 ## - SUMMARY, ETC. | |
| Summary, etc. | Mid year supplement to the UK Housing Review 2010-2011 (L152733). Comments on government policy relating to housing demand and supply, affordability, housing market and prospects for low income households. Schedule of updates to statistical tables and commentary available at www.ukhousingreview.org.uk |
| 521 ## - TARGET AUDIENCE NOTE | |
| Target audience note | Advanced. |
| 650 24 - SUBJECT ADDED ENTRY--TOPICAL TERM | |
| Topical term or geographic name entry element | UK HOUSING REVIEW |
| 651 #4 - SUBJECT ADDED ENTRY--GEOGRAPHIC NAME | |
| Geographic name | United Kingdom |
| Chronological subdivision | |
| 690 ## - LOCAL SUBJECT ADDED ENTRY--TOPICAL TERM (OCLC, RLIN) | |
| Topical term or geographic name as entry element | PROPERTY-RESIDENTIAL PROPERTY |
| 700 1# - ADDED ENTRY--PERSONAL NAME | |
| Personal name | Pawson, H. |
| 710 1# - ADDED ENTRY--CORPORATE NAME | |
| Corporate name or jurisdiction name as entry element | Chartered Institute of Housing |
| 9 (RLIN) | 2394 |
| 856 40 - ELECTRONIC LOCATION AND ACCESS | |
| Uniform Resource Identifier | <a href="https://www.cih.org/policy/UKHR2011BriefingPaper.pdf">https://www.cih.org/policy/UKHR2011BriefingPaper.pdf</a> |
| Public note | View the item free of charge at www.cih.org |
| 942 ## - ADDED ENTRY ELEMENTS (KOHA) | |
| Suppress in OPAC | 0 |
| Withdrawn status | Lost status | Source of classification or shelving scheme | Damaged status | Not for loan | Home library | Current library | Shelving location | Date acquired | Total Checkouts | Full call number | Barcode | Date last seen | Copy number | Price effective from | Koha item type |
|---|---|---|---|---|---|---|---|---|---|---|---|---|---|---|---|
| Dewey Decimal Classification | Virtual | Virtual | Online | 13/07/2011 | ONLINE PUBLICATION | 153348-2001 | 06/08/2019 | 1 | 06/08/2019 | Book |